000
00374nam a22001577a 4500
003
MPLRDC
005
20220104125503.0
008
210129b ||||| |||| 00| 0 eng d
082
_a
857.9 NK-6 v.5 c.3
100
_a
倪匡
245
_a
六指琴魔. 五
_c
260
_a
_b
武功出版社
_c
300
_b
平
650
_a
武侠小说
942
_c
BK
_o
857.9 NK-6 v.5 c.3
999
_c
27754
_d
27744